[Event "CZE-chT2B 1314"]
[Site "Czech Republic"]
[Date "2013.11.17"]
[Round "2.2"]
[White "Umanec, Filip"]
[Black "Chaloupka, Vladimir"]
[Result "1/2-1/2"]
[WhiteElo "2244"]
[BlackElo "2065"]
[PlyCount "146"]
[EventDate "2013.11.03"]
[EventType "team-tourn"]
[EventRounds "11"]
[EventCountry "CZE"]
[SourceTitle "EXT 2015"]
[Source "ChessBase"]
[SourceDate "2014.11.20"]
[SourceVersion "1"]
[SourceVersionDate "2014.11.20"]
[SourceQuality "1"]
[WhiteTeam "Neratovice"]
[BlackTeam "Litomerice"]
[WhiteTeamCountry "CZE"]
[BlackTeamCountry "CZE"]

1. e4 c5 2. c3 d5 3. exd5 Qxd5 4. d4 cxd4 5. cxd4 e6 6. Nc3 Qa5 7. Nf3 Nf6 8. Bd3 Bb4 9. 0-0 Bd7 10. Ne5 Bxc3 11. Nc4 Qc7 12. bxc3 b5 13. Ne5 a6 14. Qf3 Bc6 15. Qg3 0-0 16. Bh6 Ne8 17. Bf4 Qc8 18. Rfe1 Bd5 19. a4 f6 20. Qh4 f5 21. Ra3 Nd7 22. Nxd7 Qxd7 23. axb5 axb5 24. Rxa8 Bxa8 25. Bd2 Nd6 26. f3 Rf6 27. Qf2 Qc6 28. Qe2 h6 29. Rb1 Rg6 30. Kf2 Ne4+ 31. fxe4 fxe4 32. Bxb5 e3+ 33. Bxe3 Rxg2+ 34. Kf1 Qc7 35. Qxg2 Bxg2+ 36. Kxg2 Qxc3 37. Bf2 g5 38. Re1 Qb3 39. Be2 Kf7 40. Bg4 Qc2 41. Bxe6+ Kf6 42. d5 h5 43. Kg1 Qc7 44. Bh3 g4 45. Bh4+ Kf5 46. Bg2 Qc3 47. Rf1+ Kg6 48. Be4+ Kh6 49. Bg2 Kg6 50. Kh1 Qd3 51. Be7 Kg7 52. Bh4 Kg6 53. Re1 Kf7 54. Be4 Qd2 55. Bg3 Qd4 56. Kg2 Qd2+ 57. Bf2 h4 58. Kg1 Qg5 59. Rd1 g3 60. hxg3 hxg3 61. Bc5 Qg7 62. Rd3 Qe5 63. Bf3 Kg6 64. Be3 Qf5 65. Be2 Qh3 66. Rd1 Qh2+ 67. Kf1 g2+ 68. Ke1 g1Q+ 69. Bxg1 Qxg1+ 70. Kd2 Qd4+ 71. Kc2 Qa4+ 72. Kc3 Kf6 73. d6 Qa3+ 1/2-1/2

[Event "CZE-chT2b 0607"]
[Site "Czech Republic"]
[Date "2007.03.11"]
[Round "9"]
[White "Chaloupka, Vladimir"]
[Black "Contos, Vaclav"]
[Result "1-0"]
[WhiteElo "1990"]
[BlackElo "2081"]
[PlyCount "55"]
[EventDate "2006.10.15"]
[EventType "team"]
[EventRounds "11"]
[EventCountry "CZE"]
[SourceTitle "EXT 2009"]
[Source "ChessBase"]
[SourceDate "2008.11.26"]
[SourceVersion "1"]
[SourceVersionDate "2008.11.26"]
[SourceQuality "1"]

1. d4 d5 2. c4 e6 3. Nc3 c6 4. Nf3 dxc4 5. a4 Bb4 6. e3 b5 7. Bd2 a5 8. Qc2 Nd7 9. Qe4 Rb8 10. Qg4 g6 11. Be2 Ngf6 12. Qh3 Ba6 13. Ng5 Nd5 14. f4 Nxc3 15. bxc3 Be7 16. e4 b4 17. d5 cxd5 18. Nxf7 Kxf7 19. f5 exf5 20. 0-0 Nf6 21. exf5 Bc8 22. Rae1 bxc3 23. Bg5 c2 24. Qc3 Rb1 25. Bxc4 dxc4 26. Qxc4+ Kg7 27. fxg6 Rxe1 28. Qf7# 1-0

[Event "CZE-chT2b 0607"]
[Site "Czech Republic"]
[Date "2007.02.25"]
[Round "8"]
[White "Volek, Radomir"]
[Black "Chaloupka, Vladimir"]
[Result "0-1"]
[WhiteElo "1994"]
[BlackElo "1990"]
[PlyCount "188"]
[EventDate "2006.10.15"]
[EventType "team"]
[EventRounds "11"]
[EventCountry "CZE"]
[SourceTitle "EXT 2009"]
[Source "ChessBase"]
[SourceDate "2008.11.26"]
[SourceVersion "1"]
[SourceVersionDate "2008.11.26"]
[SourceQuality "1"]

1. e4 c5 2. Nf3 Nc6 3. d4 cxd4 4. Nxd4 d6 5. Nc3 Nf6 6. g3 Bg4 7. f3 Bd7 8. Be3 e6 9. Bg2 Be7 10. 0-0 Nxd4 11. Bxd4 Bc6 12. f4 0-0 13. a4 Qa5 14. Qd3 Rfd8 15. Nb5 e5 16. Bf2 Ng4 17. Qc3 Qxc3 18. Nxc3 Nxf2 19. Kxf2 Rac8 20. f5 g6 21. Ke2 gxf5 22. Rxf5 Bd7 23. Rff1 Be6 24. Kd1 Rc4 25. Nd5 Rd4+ 26. Ke1 Bg5 27. Rf2 f5 28. c3 Rd3 29. Rd1 Rxd1+ 30. Kxd1 fxe4 31. Bxe4 Rd7 32. Kc2 Kg7 33. Kd3 a6 34. c4 Bd8 35. b4 h6 36. b5 Bxd5 37. Bxd5 Bb6 38. Rf1 Bd4 39. bxa6 bxa6 40. Rb1 Kg6 41. Rb8 Bg1 42. h3 Bf2 43. Rg8+ Rg7 44. Rd8 Bc5 45. Rh8 Kg5 46. Ke4 Bb4 47. Kf3 Bd2 48. Rf8 h5 49. Be4 h4 50. g4 Rc7 51. Rf5+ Kg6 52. Rxe5+ Kg7 53. Rd5 Bb4 54. Rg5+ Kf6 55. Rf5+ Kg7 56. Bd5 Re7 57. Be4 Rc7 58. Bd3 Re7 59. Rh5 Bc5 60. Be4 Rf7+ 61. Bf5 Re7 62. Rh7+ Kf8 63. Rxh4 Re3+ 64. Kf4 Ra3 65. Bd7 Rc3 66. Be6 Ra3 67. Rh7 Rxa4 68. g5 Ra1 69. h4 Rf1+ 70. Ke4 a5 71. g6 Re1+ 72. Kd5 Re5+ 73. Kc6 Rxe6 74. h5 a4 75. Kd7 Rf6 76. Rh8+ Kg7 77. Rh7+ Kg8 78. Ke7 Bd4 79. Rf7 a3 80. h6 Rxg6 81. Rf8+ Kh7 82. Ra8 Bb2 83. Kd7 Kxh6 84. Kc6 Kg5 85. Ra4 Kf5 86. Kd5 Rh6 87. Kc6 Ke5 88. Kb5 Rh8 89. Kc6 Rc8+ 90. Kb5 Rc5+ 91. Kb4 Kd4 92. Kb3 Kd3 93. Rb4 Rc6 94. Ra4 Rb6+ 0-1